000
00309nam a2200121Ia 4500
008
220204s9999 xx 000 0 und d
082
_a
633.527.2(035)
_b
CHE
245
0
_a
Grass conservation handbook
260
_a
London
_b
Liliffe
_c
1968
650
_a
Grass conservation
700
_a
CHERRY, Mary
942
_c
BK
999
_c
21232
_d
21232